Geomorfología. /

Guardado en:
Autor Principal: Calmels, Augusto P.
Formato: Libro
Idioma:Spanish
Publicado: Bahía Blanca : Universidad Nacional del Sur, 1967.
Edición:7. ed.
Etiquetas: Agregar Etiqueta
Sin Etiquetas, Sea el primero en etiquetar este registro!
LEADER 00481nam a22001575a 4500
001 EUN.um020552
003 AR-BaUNS
005 20050623122900.0
008 041125s1967####ag#a##########000#0#spa#d
245 1 0 |a Geomorfología. /  |c Augusto P. Calmels. 
260 |a Bahía Blanca :  |b Universidad Nacional del Sur,  |c 1967. 
300 |a 3 v. :  |b ilus. ;  |c 22 cm. 
100 1 |a Calmels, Augusto P. 
082 0 4 |a 551.4 
250 |a 7. ed. 
859 |a Ar-BaUNS  |b BIB. CENTRAL - Sector C  |h 551.4  |i C136-1a7  |p 52859/969  |v 3